000 00467nam a2200193Ia 4500
003 OSt
005 20230504145318.0
008 210210b1965 xxu||||| |||| 00| 0 eng d
040 _cAL
041 _aeng
082 _a829/1044
100 _aStevenson (R L)
_997760
245 _aKidnapped: Macintosh Ed
260 _aMadras
_bMacmillan & Co. Ltd.
_c1965
650 _aMacintosh
_997761
690 _aEnglish Fiction
_997762
906 _a017659
942 _2ddc
_cBK
999 _c137643
_d137643